000 01026nam a2200253 a 4500
001 79739
003 BD-RjUL
005 20220420142859.0
008 220420s1954 ua 000 0 ara d
035 _a(BD-RjUL)79739
040 _aNNL
_bara
_cBD-RjUL
041 _aara
082 _223
_a963.09
_bSHA 1954
100 1 _a[Šhākir, Amīn] ; شاكر، امين
_91090
245 1 0 _aأضواء على الحبشة /'adwa' alaa alhabashat /
_cاشترك فى اعداد هذا الكتاب امين شاكر [و]سعيد العريان [و]مصطفى امين [Amīn Šākir; Saʿīd al- ʿOryān; Moṣṭafā Amīn].
260 _aمصر :
_bدار المعارف،
_c[١٩٥٤].
300 _a١٦٨ص.
490 1 _a[akhtarna lak] ; اخترنا لك ؛
_v٦
651 4 _aEthiopia
_xHistory
_92622
700 1 _a[ al- ʿOryān, Saʿīd;] العريان، سعيد
_92623
700 1 _a[Amīn, Moṣṭafā] امين، مصطفى
_92624
830 0 _a[akhtarna lak] ;اخترنا لك ؛
_v٦.
_92625
942 _2ddc
_cBK
999 _c79739
_d79739